Sound insulation with aircrete blocks (Record no. 70192)

MARC details
000 -LEADER
fixed length control field 01053cam a2200217 4500
001 - CONTROL NUMBER
control field ABS65319
008 - FIXED-LENGTH DATA ELEMENTS--GENERAL INFORMATION
fixed length control field 020508n2002 000 0 eng u
035 ## - SYSTEM CONTROL NUMBER
System control number (Sirsi) u117869
100 ## - MAIN ENTRY--PERSONAL NAME
Personal name Harris, D.
245 ## - TITLE STATEMENT
Title Sound insulation with aircrete blocks
260 ## - PUBLICATION, DISTRIBUTION, ETC.
Date of publication, distribution, etc. 2002
490 ## - SERIES STATEMENT
Series statement Building Engineer
Volume/sequential designation 77(4) April 2002, 16-17(2)
520 ## - SUMMARY, ETC.
Summary, etc. Summary of recent release of Part E of Building regulations, which aims to address problem of increasing sound insulation standards in homes. Proposals dictate that new constructions will have to provide significant improvements in sound insulation between adjacent properties in attempt to improve living environments. Suggests that Celcon Aircrete blocks developed after vigorous research and testing will provide adequate level of sound insulation without compromising thermal performance.
590 ## - LOCAL NOTE (RLIN)
Local note ABS
650 ## - SUBJECT ADDED ENTRY--TOPICAL TERM
Topical term or geographic name entry element SOUND INSULATION
650 ## - SUBJECT ADDED ENTRY--TOPICAL TERM
Topical term or geographic name entry element BLOCKS
650 ## - SUBJECT ADDED ENTRY--TOPICAL TERM
Topical term or geographic name entry element BUILDING REGULATIONS
9 (RLIN) 6224
650 ## - SUBJECT ADDED ENTRY--TOPICAL TERM
Topical term or geographic name entry element INSULATION
690 ## - LOCAL SUBJECT ADDED ENTRY--TOPICAL TERM (OCLC, RLIN)
Topical term or geographic name as entry element BUILT ENVIRONMENT-BUILDING MATERIALS
942 ## - ADDED ENTRY ELEMENTS (KOHA)
Suppress in OPAC 0
Holdings
Withdrawn status Lost status Source of classification or shelving scheme Damaged status Not for loan Home library Current library Shelving location Date acquired Total Checkouts Full call number Barcode Date last seen Copy number Price effective from Koha item type
    Dewey Decimal Classification     London London Journal article 08/05/2002   ABS65319 117869-1001 06/08/2019 1 06/08/2019 Journal article